000 00580nam a2200193Ia 4500
999 _c33634
_d33634
003 OSt
005 20200914104054.0
008 190216s9999||||xx |||||||||||||| ||und||
020 _a8185015791
040 _coclc
082 _a537
_bREI/F
100 _aReitz, John R
_94562
245 0 _aFoundations Of Electromagnetic Theory /
_cJohn R Reitz ; Frederick J Milford ; Robert W Christy
250 _a3rd Ed.
260 _bNarosa Publishing House,
_c1998.
_aNew Delhi:
300 _a542p
650 _aPhysics
942 _cBK
_2ddc
_h537
_iREI/F
_k537
_mREI/F